Central Library OPAC University of Rajshahi
Normal view MARC view

Entry Personal Name

Number of records used in: 4

001 - CONTROL NUMBER

  • control field: 6336

003 - CONTROL NUMBER IDENTIFIER

  • control field: BD-RjUL

005 - DATE AND TIME OF LATEST TRANSACTION

  • control field: 20221215171328.0

008 - FIXED-LENGTH DATA ELEMENTS

  • fixed length control field: 221215|| aca||aabn | a|a d

040 ## - CATALOGING SOURCE

  • Original cataloging agency: BD-RjUL
  • Transcribing agency: BD-RjUL

100 ## - HEADING--PERSONAL NAME

  • Personal name: Khan, M. Kharul Alam, Co-Supervisor

670 ## - SOURCE DATA FOUND

  • Source citation: Work cat.: (BD-RjUL)80975: Khan, Md. Abdus Sobur 6333, Electrical, optical and Micro-Structural properties of Ag-Al2O3 cermet thin films for solar energy applications /, 1999